[Event "ESP-chT 1st Division 2020"]
[Site "Padron"]
[Date "2020.10.04"]
[Round "2.24"]
[White "Hernandez Estevez, Yudania"]
[Black "Ambartsumova, Karina"]
[Result "0-1"]
[WhiteElo "2197"]
[BlackElo "2371"]
[Annotator "ChessBase"]
[PlyCount "82"]
[EventDate "2020.10.01"]
[EventType "team-tourn"]
[EventCountry "ESP"]
[SourceTitle "playchess.com"]
[Source "ChessBase"]
[SourceQuality "1"]
[TimeControl "5400+30"]

1. e4 {[%emt 0:00:00]} e5 {[%emt 0:00:00]} 2. Nf3 {[%emt 0:00:00]} Nc6 {[%emt 0:00:03]} 3. Bb5 {[%emt 0:00:11]} a6 {[%emt 0:00:48]} 4. Ba4 {[%emt 0:01:01]} Nf6 {[%emt 0:00:51]} 5. O-O {[%emt 0:01:17]} Be7 {[%emt 0:01:47]} 6. d3 {[%emt 0:00:57]} b5 {[%emt 0:01:43]} 7. Bb3 {[%emt 0:00:06]} O-O {[%emt 0:02:25]} 8. Re1 {[%emt 0:01:01]} Bb7 {[%emt 0:01:47]} 9. Nc3 {[%emt 0:02:56]} d6 {[%emt 0:08:25]} 10. a3 {[%emt 0:01:22]} Nd4 {[%emt 0:07:26]} 11. Nxd4 {[%emt 0:05:18]} exd4 {[%emt 0:00:33]} 12. Ne2 {[%emt 0:02:06]} c5 {[%emt 0:02:34]} 13. Ng3 {[%emt 0:02:35]} Bc8 {[%emt 0:15:32]} 14. c3 {[%emt 0:02:17]} dxc3 {[%emt 0:04:13]} 15. bxc3 {[%emt 0:00:18]} Bg4 {[%emt 0:06:57]} 16. f3 {[%emt 0:10:48]} Be6 {[%emt 0:03:27]} 17. d4 {[%emt 0:01:31]} Bxb3 {[%emt 0:03:58]} 18. Qxb3 {[%emt 0:00:06]} Nd7 {[%emt 0:05:39]} 19. Nf5 {[%emt 0:04:46]} g6 {[%emt 0:07:12]} 20. Nxe7+ {[%emt 0:14:23]} Qxe7 {[%emt 0:00:02]} 21. Bh6 {[%emt 0:03:08]} Rfc8 {[%emt 0:04:09]} 22. a4 bxa4 {[%emt 0:01:27]} 23. Qxa4 {[%emt 0:11:28]} cxd4 {[%emt 0:05:40]} 24. cxd4 {[%emt 0:01:28]} d5 {[%emt 0:01:07]} 25. Qa2 {[%emt 0:05:18]} Nb6 {[%emt 0:02:49]} 26. Qf2 {[%emt 0:02:29]} Qf6 {[%emt 0:02:33]} 27. h4 {[%emt 0:06:28]} a5 {[%emt 0:02:50]} 28. Bg5 {[%emt 0:03:10]} Qe6 {[%emt 0:00:33]} 29. exd5 {[%emt 0:00:37]} Qd6 {[%emt 0:01:49]} 30. Be7 {[%emt 0:01:11]} Qxd5 {[%emt 0:00:44]} 31. Re5 {[%emt 0:00:30]} Qd7 {[%emt 0:01:43]} 32. h5 {[%emt 0:03:29]} Nd5 {[%emt 0:01:25]} 33. Bc5 {[%emt 0:02:20]} Re8 {[%emt 0:00:44]} 34. Rae1 {[%emt 0:00:28]} a4 {[%emt 0:01:43]} 35. h6 {[%emt 0:01:54]} Rxe5 {[%emt 0:00:43]} 36. Rxe5 {[%emt 0:06:00]} a3 {[%emt 0:00:56]} 37. Qa2 {[%emt 0:01:34]} Nc3 {[%emt 0:00:21]} 38. Qa1 {[%emt 0:00:26]} a2 {[%emt 0:00:15]} 39. d5 {[%emt 0:02:25]} Qb5 {[%emt 0:00:29]} 40. Bd4 {[%emt 0:01:31]} Qb1+ {[%emt 0:00:40]} 41. Re1 {[%emt 0:00:10]} Qxa1 {[%emt 0:00:26]} 0-1

[Event "ESP-chT 1st Division 2020"]
[Site "Padron"]
[Date "2020.10.05"]
[Round "3.1"]
[White "Salgado Lopez, Ivan"]
[Black "Adla, Diego"]
[Result "1-0"]
[WhiteElo "2595"]
[BlackElo "2438"]
[Annotator "TA"]
[PlyCount "69"]
[EventDate "2020.10.01"]
[EventType "team-tourn"]
[EventCountry "ESP"]
[SourceTitle "playchess.com"]
[Source "ChessBase"]
[SourceQuality "1"]

{[%evp 14,69,12,2,25,22,13,-3,21,16,37,15,22,25,25,14,9,16,8,8,79,75,101,87,174,195,191,184,154,144,315,320,300,309,289,293,468,444,621,391,485,486,415,228,362,341,377,277,504,205,206,203,197,195,347,344,372,376]} 1. Nf3 Nf6 2. c4 e6 3. Nc3 Bb4 4. Qc2 O-O 5. a3 Bxc3 6. Qxc3 b6 7. g3 Bb7 8. Bg2 a5 {A17: English Opening: 1...Nf6 with ...Bb4.} 9. b3 {[#]} c5 $146 ({Predecessor:} 9... d6 10. O-O {½-½ (10) Jankovic,A (2548)-Zelcic,R (2578) Sibenik 2007}) 10. Bb2 Qe7 {The position is equal.} 11. O-O Rd8 12. d4 d6 13. Rfe1 Nbd7 14. d5 exd5 15. cxd5 Bxd5 {[#]} 16. e4 $1 {[%cal Re4d5][%mdl 512]} Bb7 (16... Bxe4 $2 17. Ng5 $18) (16... Be6 $1 $11 {remains equal.}) 17. Nh4 $16 {[%mdl 1024] White has strong compensation.} Ne8 18. Nf5 Qf8 (18... Qe5 $16) 19. Nh6+ $1 $18 Kh8 {[#]} 20. Qc4 $1 $36 {[%mdl 2048] White has strong initiative.} d5 21. exd5 Nef6 $2 {A mistake that costs the game.} (21... b5 $16 22. Qxb5 Nd6) 22. Nf5 Re8 23. d6 Bxg2 24. Kxg2 Rxe1 (24... b5 $142 25. Qxb5 Re6 26. Bxf6 Nxf6 27. Qxc5 Ne4) 25. Rxe1 Re8 26. Ne7 Rd8 27. Qh4 Ng8 28. Qg5 (28. g4 $142) 28... f6 (28... h6 $142 29. Qf4 Ndf6) 29. Qd5 Nh6 30. Qb7 Nf7 $2 (30... Ne5 {keeps fighting.} 31. Bxe5 (31. Qxb6 Nd3 $16) 31... fxe5) 31. Qc7 (31. Nc6 $142 Re8 32. Rd1) 31... Nde5 32. Bxe5 $1 fxe5 {[#]} 33. Rd1 $1 e4 $2 (33... Ng5 {is a better defense.} 34. Rd3 e4) 34. Rd5 {Rf5! is the strong threat.} (34. Qxb6 a4 $16) 34... Nxd6 {[#]} 35. Nf5 $1 {[%mdl 576] Pin. Accuracy: White = 81%, Black = 40%.} 1-0

[Event "ESP-chT 1st Division 2020"]
[Site "Padron"]
[Date "2020.10.05"]
[Round "3.2"]
[White "Glavina, Pablo"]
[Black "Brunello, Sabino"]
[Result "1/2-1/2"]
[WhiteElo "2412"]
[BlackElo "2539"]
[Annotator "ChessBase"]
[PlyCount "65"]
[EventDate "2020.10.01"]
[EventType "team-tourn"]
[EventCountry "ESP"]
[SourceTitle "playchess.com"]
[Source "ChessBase"]
[SourceQuality "1"]
[TimeControl "5400+30"]

1. e4 {[%emt 0:00:00]} c6 {[%emt 0:00:29]} 2. d4 {[%emt 0:00:00]} d5 {[%emt 0:00:10]} 3. exd5 {[%emt 0:00:00]} cxd5 {[%emt 0:00:23]} 4. c4 {[%emt 0:00:00]} Nf6 {[%emt 0:00:45]} 5. Nc3 {[%emt 0:00:00]} e6 {[%emt 0:00:22]} 6. Nf3 {[%emt 0:00:04]} Bb4 {[%emt 0:00:43]} 7. cxd5 {[%emt 0:00:05]} Nxd5 {[%emt 0:00:22]} 8. Qc2 {[%emt 0:00:08]} Nc6 {[%emt 0:01:14]} 9. Be2 {[%emt 0:00:30]} Nce7 {[%emt 0:02:55]} 10. O-O {[%emt 0:02:00]} O-O {[%emt 0:08:08]} 11. Bg5 {[%emt 0:15:17]} h6 {[%emt 0:15:32]} 12. Bh4 Nf4 {[%emt 0:35:54]} 13. Bc4 {[%emt 0:01:56]} Nfg6 {[%emt 0:10:29]} 14. Bg3 {[%emt 0:00:31]} Bd7 {[%emt 0:07:04]} 15. d5 {[%emt 0:13:37]} Rc8 {[%emt 0:00:47]} 16. Qb3 {[%emt 0:00:08]} Bxc3 {[%emt 0:02:31]} 17. dxe6 {[%emt 0:00:23]} Rxc4 {[%emt 0:03:05]} 18. exd7 {[%emt 0:02:34]} Rc6 {[%emt 0:01:45]} 19. Qxb7 {[%emt 0:20:33]} Bf6 {[%emt 0:01:33]} 20. Rac1 {[%emt 0:01:41]} Qb6 {[%emt 0:04:50]} 21. Qxb6 {[%emt 0:01:09]} axb6 {[%emt 0:00:03]} 22. Rxc6 {[%emt 0:08:14]} Nxc6 {[%emt 0:00:01]} 23. Bc7 {[%emt 0:00:13]} Ra8 {[%emt 0:00:47]} 24. Rc1 {[%emt 0:00:41]} Nd8 {[%emt 0:00:50]} 25. Bxb6 {[%emt 0:01:30]} Rxa2 {[%emt 0:01:09]} 26. g3 {[%emt 0:01:15]} Nf8 {[%emt 0:00:34]} 27. Bxd8 {[%emt 0:00:05]} Bxd8 {[%emt 0:00:33]} 28. Rc8 {[%emt 0:00:06]} Bf6 {[%emt 0:00:28]} 29. Nd2 {[%emt 0:06:52]} Rxb2 {[%emt 0:00:24]} 30. Ne4 {[%emt 0:00:10]} Be7 {[%emt 0:00:19]} 31. Re8 {[%emt 0:00:09]} Rb1+ {[%emt 0:00:30]} 32. Kg2 {[%emt 0:00:06]} Rd1 {[%emt 0:00:08]} 33. Rxe7 {[%emt 0:00:06]} 1/2-1/2

[Event "ESP-chT 1st Division 2020"]
[Site "Padron"]
[Date "2020.10.05"]
[Round "3.3"]
[White "Larino Nieto, David"]
[Black "Quintin Navarro, Alberto"]
[Result "0-1"]
[WhiteElo "2477"]
[BlackElo "2383"]
[Annotator "ChessBase"]
[PlyCount "124"]
[EventDate "2020.10.01"]
[EventType "team-tourn"]
[EventCountry "ESP"]
[SourceTitle "playchess.com"]
[Source "ChessBase"]
[SourceQuality "1"]
[TimeControl "5400+30"]

1. Nf3 {[%emt 0:00:31]} d5 {[%emt 0:00:00]} 2. b3 {[%emt 0:00:14]} Nf6 {[%emt 0:00:00]} 3. Bb2 {[%emt 0:00:11]} e6 {[%emt 0:00:03]} 4. g3 {[%emt 0:00:20]} Be7 {[%emt 0:00:07]} 5. Bg2 {[%emt 0:00:02]} O-O {[%emt 0:00:12]} 6. O-O {[%emt 0:00:05]} b6 {[%emt 0:00:13]} 7. e3 {[%emt 0:01:31]} Bb7 {[%emt 0:00:12]} 8. Qe2 {[%emt 0:00:14]} c5 {[%emt 0:01:17]} 9. Na3 {[%emt 0:00:16]} Nc6 {[%emt 0:01:14]} 10. c4 {[%emt 0:01:39]} Qd7 {[%emt 0:01:49]} 11. Rfd1 {[%emt 0:00:59]} Rad8 {[%emt 0:01:37]} 12. cxd5 {[%emt 0:02:00]} Nxd5 {[%emt 0:00:52]} 13. Nc4 {[%emt 0:01:13]} Bf6 {[%emt 0:00:54]} 14. d4 {[%emt 0:05:41]} cxd4 {[%emt 0:00:55]} 15. exd4 {[%emt 0:03:55]} Qc8 {[%emt 0:06:29]} 16. Rac1 {[%emt 0:01:11]} Qa8 {[%emt 0:00:37]} 17. h4 {[%emt 0:00:51]} h6 {[%emt 0:01:23]} 18. Nh2 Ncb4 {[%emt 0:25:38]} 19. Qd2 {[%emt 0:41:59]} h5 {[%emt 0:15:40]} 20. a3 {[%emt 0:01:32]} Nc6 {[%emt 0:00:44]} 21. Be4 {[%emt 0:03:20]} Nde7 {[%emt 0:05:49]} 22. Qf4 {[%emt 0:03:00]} Ng6 {[%emt 0:08:59]} 23. Qe3 {[%emt 0:03:20]} b5 {[%emt 0:03:32]} 24. Bxg6 {[%emt 0:05:36]} fxg6 {[%emt 0:00:07]} 25. Qxe6+ {[%emt 0:02:37]} Kh7 {[%emt 0:00:08]} 26. Nd6 {[%emt 0:00:48]} Qb8 {[%emt 0:06:34]} 27. Nxb7 {[%emt 0:06:00]} Nxd4 {[%emt 0:01:23]} 28. Bxd4 {[%emt 0:01:22]} Bxd4 {[%emt 0:00:10]} 29. Rxd4 {[%emt 0:00:41]} Rxd4 {[%emt 0:00:05]} 30. Qe7 {[%emt 0:06:42]} Re8 {[%emt 0:03:43]} 31. Qc5 {[%emt 0:00:23]} Rd3 {[%emt 0:01:25]} 32. Qxb5 {[%emt 0:02:50]} Red8 {[%emt 0:02:34]} 33. Qc6 {[%emt 0:01:44]} Rxg3+ {[%emt 0:01:13]} 34. Kf1 {[%emt 0:00:55]} Rf8 {[%emt 0:00:59]} 35. Qc7 {[%emt 0:00:53]} Rxb3 {[%emt 0:00:49]} 36. Qxb8 {[%emt 0:01:38]} Rxb8 {[%emt 0:00:06]} 37. Nc5 {[%emt 0:00:10]} Rb1 {[%emt 0:00:13]} 38. Rxb1 {[%emt 0:00:20]} Rxb1+ {[%emt 0:00:04]} 39. Ke2 {[%emt 0:01:36]} Rc1 {[%emt 0:00:21]} 40. Ne6 {[%emt 0:00:38]} Ra1 {[%emt 0:01:06]} 41. Nf8+ {[%emt 0:00:02]} Kg8 {[%emt 0:00:09]} 42. Nxg6 {[%emt 0:00:05]} Rxa3 {[%emt 0:00:04]} 43. Nf3 {[%emt 0:00:49]} a5 {[%emt 0:00:29]} 44. Nfe5 {[%emt 0:00:19]} a4 {[%emt 0:00:27]} 45. Kd2 {[%emt 0:01:25]} Rb3 {[%emt 0:01:07]} 46. Kc2 {[%emt 0:00:07]} Rb4 {[%emt 0:01:17]} 47. Nd3 {[%emt 0:01:06]} Rb5 {[%emt 0:01:47]} 48. Ne7+ {[%emt 0:00:34]} Kh7 {[%emt 0:00:38]} 49. Nc6 {[%emt 0:00:32]} g5 {[%emt 0:01:32]} 50. Nd4 {[%emt 0:00:19]} Rd5 {[%emt 0:01:17]} 51. Nf3 {[%emt 0:00:02]} gxh4 {[%emt 0:00:11]} 52. Nxh4 {[%emt 0:00:04]} a3 {[%emt 0:00:46]} 53. Nc1 {[%emt 0:00:06]} Rb5 {[%emt 0:00:20]} 54. f3 {[%emt 0:01:59]} Kg7 {[%emt 0:02:12]} 55. Kc3 {[%emt 0:00:28]} Kf6 {[%emt 0:01:01]} 56. f4 {[%emt 0:00:02]} Rc5+ {[%emt 0:00:54]} 57. Kd2 {[%emt 0:00:10]} Ra5 {[%emt 0:00:12]} 58. Na2 {[%emt 0:00:38]} Rb5 {[%emt 0:00:21]} 59. Nc3 {[%emt 0:01:03]} Rb2+ {[%emt 0:00:21]} 60. Kc1 {[%emt 0:00:08]} Rh2 {[%emt 0:00:38]} 61. Ne4+ {[%emt 0:00:11]} Kf7 {[%emt 0:00:33]} 62. Ng5+ {[%emt 0:00:21]} Ke8 {[%emt 0:00:26]} 0-1

[Event "ESP-chT 1st Division 2020"]
[Site "Padron"]
[Date "2020.10.05"]
[Round "3.4"]
[White "Bayo Milagro, Alvaro"]
[Black "Gomez Dieguez, David"]
[Result "1/2-1/2"]
[WhiteElo "2254"]
[BlackElo "2261"]
[Annotator "NA"]
[PlyCount "100"]
[EventDate "2020.10.01"]
[EventType "team-tourn"]
[EventCountry "ESP"]
[SourceTitle "playchess.com"]
[Source "ChessBase"]
[SourceQuality "1"]
[TimeControl "5400+30"]

1. c4 {[%emt 0:00:00]} c5 {[%emt 0:00:00]} 2. Nf3 {[%emt 0:00:00]} Nf6 {[%emt 0:00:00]} 3. Nc3 {[%emt 0:00:00]} e6 {[%emt 0:00:00]} 4. d4 {[%emt 0:00:09]} cxd4 {[%emt 0:00:00]} 5. Nxd4 {[%emt 0:00:04]} Nc6 {[%emt 0:00:09]} 6. g3 {[%emt 0:00:08]} a6 {[%emt 0:00:11]} 7. Bg2 {[%emt 0:01:15]} Qc7 {[%emt 0:00:04]} 8. O-O {[%emt 0:04:14]} Be7 {[%emt 0:00:04]} 9. b3 {[%emt 0:02:13]} d6 {[%emt 0:00:04]} 10. Bb2 {[%emt 0:04:33]} Bd7 {[%emt 0:00:05]} 11. Rc1 {[%emt 0:02:02]} Nxd4 {[%emt 0:00:05]} 12. Qxd4 {[%emt 0:00:32]} O-O {[%emt 0:00:04]} 13. Rfd1 {[%emt 0:03:28]} Rfd8 {[%emt 0:00:05]} 14. a4 {[%emt 0:12:13]} Bf8 {[%emt 0:00:08]} 15. b4 {[%emt 0:15:11]} Rac8 {[%emt 0:14:58]} 16. b5 a5 {[%emt 0:13:16]} 17. Ba3 {[%emt 0:16:19]} Be8 {[%emt 0:00:07]} 18. Ne4 {[%emt 0:03:35]} Nxe4 {[%emt 0:01:41]} 19. Bxe4 {[%emt 0:00:50]} f5 {[%emt 0:05:37]} 20. Bf3 {[%emt 0:03:31]} e5 {[%emt 0:10:34]} 21. Bd5+ {[%emt 0:02:11]} Bf7 {[%emt 0:00:40]} 22. Bxf7+ {[%emt 0:00:14]} Qxf7 {[%emt 0:00:05]} 23. Qb6 {[%emt 0:02:48]} Qc7 {[%emt 0:04:50]} 24. c5 {[%emt 0:00:26]} dxc5 {[%emt 0:02:25]} 25. Rxd8 {[%emt 0:01:50]} Qxd8 {[%emt 0:01:11]} 26. Qe6+ {[%emt 0:01:36]} Kh8 {[%emt 0:00:05]} 27. Bb2 {[%emt 0:01:40]} Qe8 {[%emt 0:08:30]} 28. Qxf5 {[%emt 0:00:36]} Bd6 {[%emt 0:01:34]} 29. Rd1 {[%emt 0:03:04]} Rd8 {[%emt 0:00:04]} 30. Rd5 {[%emt 0:01:03]} Qg8 {[%emt 0:04:00]} 31. e4 {[%emt 0:06:39]} c4 {[%emt 0:05:48]} 32. h4 {[%emt 0:01:04]} h6 {[%emt 0:00:39]} 33. Qg6 {[%emt 0:01:15]} Qf8 {[%emt 0:03:42]} 34. b6 {[%emt 0:06:09]} Be7 {[%emt 0:14:26]} 35. Bxe5 {[%emt 0:01:24]} Bf6 {[%emt 0:01:04]} 36. Bxf6 {[%emt 0:01:26]} Rxd5 {[%emt 0:00:14]} 37. exd5 {[%emt 0:00:34]} gxf6 {[%emt 0:00:11]} 38. Kf1 {[%emt 0:01:14]} c3 {[%emt 0:00:27]} 39. Ke2 {[%emt 0:01:00]} Qe7+ {[%emt 0:02:26]} 40. Kd3 {[%emt 0:00:19]} c2 {[%emt 0:00:38]} 41. Qxh6+ {[%emt 0:00:52]} Kg8 {[%emt 0:00:01]} 42. Qc1 {[%emt 0:00:43]} Qc5 {[%emt 0:03:46]} 43. Qxc2 {[%emt 0:00:02]} Qxd5+ {[%emt 0:00:26]} 44. Kc3 {[%emt 0:00:01]} Kg7 {[%emt 0:00:33]} 45. Qe2 {[%emt 0:02:25]} Qc5+ {[%emt 0:01:11]} 46. Kd2 {[%emt 0:00:13]} Qb4+ {[%emt 0:00:43]} 47. Kd3 {[%emt 0:00:51]} Qb3+ {[%emt 0:00:45]} 48. Kd2 {[%emt 0:00:17]} Qb4+ {[%emt 0:00:06]} 49. Kd3 {[%emt 0:00:30]} Qb3+ {[%emt 0:00:05]} 50. Kd2 {[%emt 0:00:07]} Qb4+ 1/2-1/2

[Event "ESP-chT 1st Division 2020"]
[Site "Padron"]
[Date "2020.10.05"]
[Round "3.5"]
[White "Gomez Dieguez, Adrian"]
[Black "Vela Frago, Alberto"]
[Result "1-0"]
[WhiteElo "2272"]
[BlackElo "2071"]
[Annotator "NA"]
[PlyCount "57"]
[EventDate "2020.10.01"]
[EventType "team-tourn"]
[EventCountry "ESP"]
[SourceTitle "playchess.com"]
[Source "ChessBase"]
[SourceQuality "1"]
[TimeControl "5400+30"]

1. e4 {[%emt 0:00:00]} e5 {[%emt 0:00:00]} 2. Nf3 {[%emt 0:00:00]} Nc6 {[%emt 0:00:00]} 3. Bc4 {[%emt 0:00:00]} Nf6 {[%emt 0:00:16]} 4. d3 {[%emt 0:00:05]} Bc5 {[%emt 0:00:16]} 5. c3 {[%emt 0:00:04]} d6 {[%emt 0:00:12]} 6. Bb3 {[%emt 0:03:03]} a5 {[%emt 0:01:44]} 7. Nbd2 {[%emt 0:00:07]} O-O {[%emt 0:01:41]} 8. h3 {[%emt 0:00:04]} Be6 {[%emt 0:01:11]} 9. Nf1 {[%emt 0:01:58]} Bxb3 {[%emt 0:02:00]} 10. Qxb3 {[%emt 0:01:59]} a4 {[%emt 0:02:24]} 11. Qc2 {[%emt 0:00:07]} Qb8 {[%emt 0:04:53]} 12. Ng3 {[%emt 0:05:19]} b5 {[%emt 0:03:26]} 13. Bg5 {[%emt 0:05:53]} Nd7 {[%emt 0:02:12]} 14. Qd2 {[%emt 0:03:27]} f6 {[%emt 0:05:20]} 15. Be3 {[%emt 0:02:39]} Bxe3 {[%emt 0:02:01]} 16. fxe3 {[%emt 0:01:45]} g6 {[%emt 0:06:24]} 17. O-O {[%emt 0:01:41]} Ne7 {[%emt 0:04:39]} 18. Qe2 {[%emt 0:04:52]} c5 {[%emt 0:01:37]} 19. Nh4 Qc7 {[%emt 0:06:40]} 20. Qg4 {[%emt 0:10:07]} Kh8 {[%emt 0:00:01]} 21. Rf2 {[%emt 0:00:38]} Rf7 {[%emt 0:09:27]} 22. Nf3 {[%emt 0:09:06]} Rff8 {[%emt 0:05:40]} 23. Raf1 {[%emt 0:01:23]} Rg8 {[%emt 0:00:25]} 24. Ng5 {[%emt 0:25:56]} Rae8 {[%emt 0:15:15]} 25. Nf7+ {[%emt 0:00:22]} Kg7 {[%emt 0:00:06]} 26. Nh5+ {[%emt 0:00:04]} Kf8 {[%emt 0:01:47]} 27. Nxf6 {[%emt 0:00:15]} Nf5 {[%emt 0:02:19]} 28. Nxe8 {[%emt 0:00:58]} Kxe8 {[%emt 0:00:20]} 29. Rxf5 {[%emt 0:00:44]} 1-0

[Event "ESP-chT 1st Division 2020"]
[Site "Padron"]
[Date "2020.10.05"]
[Round "3.6"]
[White "Gracia Laguens, Asuncion"]
[Black "Hernandez Estevez, Yudania"]
[Result "0-1"]
[WhiteElo "1414"]
[BlackElo "2197"]
[Annotator "NA"]
[PlyCount "52"]
[EventDate "2020.10.01"]
[EventType "team-tourn"]
[EventCountry "ESP"]
[SourceTitle "playchess.com"]
[Source "ChessBase"]
[SourceQuality "1"]
[TimeControl "5400+30"]

1. e4 {[%emt 0:00:00]} d6 {[%emt 0:00:00]} 2. c4 {[%emt 0:00:27]} Nf6 {[%emt 0:03:20]} 3. Nc3 {[%emt 0:01:46]} g6 {[%emt 0:02:32]} 4. g3 {[%emt 0:02:47]} c5 {[%emt 0:01:34]} 5. Bg2 {[%emt 0:02:50]} Nc6 {[%emt 0:00:46]} 6. Nge2 {[%emt 0:03:59]} Bg7 {[%emt 0:02:02]} 7. d3 {[%emt 0:02:26]} Nd4 {[%emt 0:05:33]} 8. O-O {[%emt 0:07:48]} O-O {[%emt 0:04:29]} 9. Be3 {[%emt 0:07:44]} e5 {[%emt 0:04:14]} 10. h3 {[%emt 0:06:20]} Rb8 {[%emt 0:04:30]} 11. Bxd4 cxd4 {[%emt 0:05:16]} 12. Nd5 Nxd5 {[%emt 0:00:39]} 13. cxd5 {[%emt 0:09:34]} f5 {[%emt 0:01:09]} 14. f4 {[%emt 0:02:32]} Qb6 {[%emt 0:03:08]} 15. Qb3 {[%emt 0:05:34]} Qxb3 {[%emt 0:08:27]} 16. axb3 {[%emt 0:00:40]} fxe4 {[%emt 0:02:32]} 17. dxe4 {[%emt 0:07:05]} Bd7 {[%emt 0:03:47]} 18. Rf2 {[%emt 0:06:58]} a6 {[%emt 0:06:10]} 19. Bf1 {[%emt 0:02:25]} Bh6 {[%emt 0:01:00]} 20. Rd1 {[%emt 0:07:16]} Rbc8 {[%emt 0:02:05]} 21. Rc1 {[%emt 0:03:07]} Bb5 {[%emt 0:07:17]} 22. Rxc8 {[%emt 0:01:34]} Rxc8 {[%emt 0:00:08]} 23. fxe5 {[%emt 0:00:32]} dxe5 {[%emt 0:07:27]} 24. Rf6 {[%emt 0:01:49]} Bg5 {[%emt 0:04:10]} 25. Re6 {[%emt 0:02:16]} d3 {[%emt 0:00:33]} 26. Nc3 {[%emt 0:02:12]} Rxc3 {[%emt 0:00:19]} 0-1

[Event "ESP-chT 1st Division 2020"]
[Site "Padron"]
[Date "2020.10.05"]
[Round "3.7"]
[White "Alsina Leal, Daniel"]
[Black "Del Rio De Angelis, Salvador G."]
[Result "1/2-1/2"]
[WhiteElo "2494"]
[BlackElo "2508"]
[Annotator "ChessBase"]
[PlyCount "94"]
[EventDate "2020.10.01"]
[EventType "team-tourn"]
[EventCountry "ESP"]
[SourceTitle "playchess.com"]
[Source "ChessBase"]
[SourceQuality "1"]
[TimeControl "5400+30"]

1. e4 {[%emt 0:00:00]} Nf6 {[%emt 0:00:19]} 2. e5 {[%emt 0:00:00]} Nd5 {[%emt 0:00:09]} 3. d4 {[%emt 0:00:14]} d6 {[%emt 0:00:16]} 4. Nf3 {[%emt 0:00:41]} dxe5 {[%emt 0:00:20]} 5. Nxe5 {[%emt 0:00:06]} g6 {[%emt 0:00:07]} 6. Bc4 {[%emt 0:01:39]} c6 {[%emt 0:00:17]} 7. O-O {[%emt 0:01:31]} Bg7 {[%emt 0:00:19]} 8. Bb3 {[%emt 0:06:00]} O-O {[%emt 0:01:29]} 9. Re1 {[%emt 0:01:22]} Be6 {[%emt 0:01:22]} 10. c3 {[%emt 0:13:28]} Nd7 {[%emt 0:02:15]} 11. Nd3 {[%emt 0:13:40]} Nc7 {[%emt 0:05:23]} 12. Bg5 {[%emt 0:08:37]} Re8 {[%emt 0:22:56]} 13. Nd2 {[%emt 0:05:39]} Qc8 {[%emt 0:03:16]} 14. Bc2 {[%emt 0:14:15]} Nf6 {[%emt 0:06:08]} 15. Ne5 {[%emt 0:09:40]} Bf5 {[%emt 0:06:55]} 16. Bb3 {[%emt 0:00:04]} Be6 {[%emt 0:01:40]} 17. Bc2 {[%emt 0:00:08]} Bf5 {[%emt 0:00:13]} 18. Bb3 {[%emt 0:00:12]} Be6 {[%emt 0:00:07]} 19. Ndc4 {[%emt 0:01:47]} Nfd5 {[%emt 0:08:58]} 20. Bd2 {[%emt 0:00:25]} a5 {[%emt 0:09:53]} 21. a4 {[%emt 0:00:54]} Ra6 {[%emt 0:02:11]} 22. Nd3 {[%emt 0:07:57]} Nb6 {[%emt 0:05:17]} 23. Nce5 {[%emt 0:00:22]} Ra7 {[%emt 0:10:15]} 24. Nc5 {[%emt 0:02:41]} Bxe5 {[%emt 0:02:06]} 25. Rxe5 {[%emt 0:04:50]} Bxb3 {[%emt 0:01:47]} 26. Qxb3 {[%emt 0:00:05]} Nd7 {[%emt 0:01:27]} 27. Nxd7 {[%emt 0:00:19]} Qxd7 {[%emt 0:00:06]} 28. Rae1 {[%emt 0:00:25]} Nd5 {[%emt 0:02:57]} 29. h4 {[%emt 0:01:28]} e6 {[%emt 0:01:25]} 30. Qd1 {[%emt 0:02:18]} b5 {[%emt 0:01:31]} 31. axb5 {[%emt 0:03:35]} cxb5 {[%emt 0:00:15]} 32. Qf3 {[%emt 0:00:47]} f6 {[%emt 0:00:42]} 33. R5e2 {[%emt 0:00:42]} a4 {[%emt 0:00:28]} 34. h5 {[%emt 0:00:23]} gxh5 {[%emt 0:03:36]} 35. Qxh5 {[%emt 0:00:18]} Qf7 {[%emt 0:00:20]} 36. Qg4+ {[%emt 0:00:32]} Qg6 {[%emt 0:00:16]} 37. Qxg6+ {[%emt 0:00:21]} hxg6 {[%emt 0:00:05]} 38. Rxe6 {[%emt 0:00:04]} Rae7 {[%emt 0:00:23]} 39. Rxe7 {[%emt 0:00:36]} Rxe7 {[%emt 0:00:06]} 40. Rd1 {[%emt 0:01:21]} Kf7 {[%emt 0:00:36]} 41. Kf1 {[%emt 0:00:06]} Nb6 {[%emt 0:00:56]} 42. Rb1 {[%emt 0:00:48]} Nc4 {[%emt 0:01:02]} 43. Bc1 {[%emt 0:00:35]} Na5 {[%emt 0:00:04]} 44. Be3 {[%emt 0:00:24]} Ke6 {[%emt 0:00:22]} 45. Ke2 {[%emt 0:00:12]} Kd5 {[%emt 0:00:15]} 46. Kd3 {[%emt 0:00:16]} Rh7 {[%emt 0:00:08]} 47. g3 {[%emt 0:00:36]} Rh2 {[%emt 0:00:27]} 1/2-1/2

[Event "ESP-chT 1st Division 2020"]
[Site "Padron"]
[Date "2020.10.05"]
[Round "3.8"]
[White "Demuth, Adrien"]
[Black "Alonso Moyano, Jonathan"]
[Result "1/2-1/2"]
[WhiteElo "2488"]
[BlackElo "2334"]
[Annotator "ChessBase"]
[PlyCount "60"]
[EventDate "2020.10.01"]
[EventType "team-tourn"]
[EventCountry "ESP"]
[SourceTitle "playchess.com"]
[Source "ChessBase"]
[SourceQuality "1"]
[TimeControl "5400+30"]

1. e4 {[%emt 0:00:00]} c5 {[%emt 0:00:00]} 2. Nf3 {[%emt 0:00:00]} d6 {[%emt 0:00:00]} 3. d4 {[%emt 0:00:00]} Nf6 {[%emt 0:00:00]} 4. dxc5 {[%emt 0:00:15]} Nxe4 {[%emt 0:00:10]} 5. cxd6 {[%emt 0:00:05]} Nc6 {[%emt 0:00:17]} 6. dxe7 {[%emt 0:00:06]} Qxd1+ {[%emt 0:00:30]} 7. Kxd1 {[%emt 0:00:03]} Bxe7 {[%emt 0:00:19]} 8. Be3 {[%emt 0:00:04]} Bg4 {[%emt 0:09:08]} 9. Bd3 {[%emt 0:00:14]} O-O-O {[%emt 0:00:37]} 10. Kc1 {[%emt 0:08:36]} Nc5 {[%emt 0:22:31]} 11. Bc4 {[%emt 0:02:44]} Bxf3 {[%emt 0:03:01]} 12. gxf3 {[%emt 0:00:08]} Ne5 {[%emt 0:00:29]} 13. Be2 {[%emt 0:03:49]} a6 {[%emt 0:01:26]} 14. Nd2 {[%emt 0:16:36]} f5 {[%emt 0:07:28]} 15. Rd1 {[%emt 0:08:18]} Ne6 {[%emt 0:10:36]} 16. Nc4 {[%emt 0:03:26]} Rxd1+ {[%emt 0:15:00]} 17. Kxd1 {[%emt 0:00:10]} Rd8+ {[%emt 0:00:15]} 18. Ke1 {[%emt 0:09:36]} Nxc4 {[%emt 0:00:40]} 19. Bxc4 {[%emt 0:00:08]} Nd4 {[%emt 0:00:01]} 20. Bxd4 {[%emt 0:15:38]} Rxd4 {[%emt 0:00:11]} 21. Be6+ {[%emt 0:00:03]} Kc7 {[%emt 0:00:14]} 22. Bxf5 {[%emt 0:00:40]} Rh4 {[%emt 0:02:30]} 23. h3 {[%emt 0:13:42]} Rh5 {[%emt 0:01:39]} 24. Bg4 {[%emt 0:01:40]} Rb5 {[%emt 0:01:15]} 25. Rd1 {[%emt 0:07:33]} Bd6 {[%emt 0:04:18]} 26. Kd2 {[%emt 0:00:58]} Rxb2 {[%emt 0:01:55]} 27. Be6 {[%emt 0:00:13]} Rb5 {[%emt 0:05:12]} 28. Re1 {[%emt 0:02:41]} Re5 {[%emt 0:03:05]} 29. Re3 {[%emt 0:01:04]} Rc5 {[%emt 0:02:24]} 30. Re4 {[%emt 0:00:23]} Be5 {[%emt 0:01:44]} 1/2-1/2